000 00542nam a22001937a 4500
003 OSt
005 20140310181757.0
008 130701t xxu||||| |||| 00| 0 eng d
050 _aLB 1139.35
_b.Ac188 1993
082 _aFIL 629.284
_bB48 1993
245 _aActivities for the young :
_bbike /
_cBasic Media Systems, Inc.
260 _aPhilippines :
_bBasic Media Systems, Inc.
_c1993
300 _a26 p. :
_bill. col. ;
_c23 cm.
650 _aBicycles.
650 _aBicycling.
650 _aCycling
942 _2lcc
_cBK
999 _c3490
_d3490